[Event "57th ch-RUS Qualifier"]
[Site "Tomsk RUS"]
[Date "2004.05.26"]
[Round "4"]
[White "Timofeev,Ar"]
[Black "Inarkiev,E"]
[Result "1/2-1/2"]
[WhiteElo "2591"]
[BlackElo "2595"]
[EventDate "2004.05.23"]

1. e4 e5 2. Nf3 Nc6 3. Bb5 a6 4. Ba4 Nf6 5. O-O b5 6. Bb3 Bc5 7. a4 Bb7 8.
d3 O-O 9. Nc3 Na5 10. axb5 Nxb3 11. cxb3 axb5 12. Rxa8 Bxa8 13. Nxe5 d5 14.
Bg5 dxe4 15. dxe4 Qxd1 16. Rxd1 b4 17. Bxf6 bxc3 18. bxc3 gxf6 19. Nd7 Bd6
20. Nxf8 Kxf8 21. f3 Bc6 22. Kf2 Ke7 23. Ra1 Be5 24. Ra6 Bd7 25. c4 h5 26.
h4 f5 27. Rh6 fxe4 28. Rxh5 Bd4+ 29. Ke2 exf3+ 30. gxf3 c5 31. Rg5 Kf6 32.
Rg8 Bf5 33. h5 Be5 34. Rd8 Be6 35. Ra8 Bd6 36. Rg8 Bf4 37. Ra8 Ke5 38. Rh8
Kf6 39. Ra8 Ke5 40. Rh8 Kf6 41. Ra8 1/2-1/2

[Event "57th ch-RUS Qualifier"]
[Site "Tomsk RUS"]
[Date "2004.05.26"]
[Round "4"]
[White "Loskutov,O"]
[Black "Belozerov,A"]
[Result "0-1"]
[WhiteElo "2433"]
[BlackElo "2552"]
[EventDate "2004.05.23"]

1. e4 e5 2. Nf3 Nc6 3. Bb5 a6 4. Ba4 Nf6 5. O-O Be7 6. Re1 b5 7. Bb3 d6 8.
c3 O-O 9. a3 Na5 10. Ba2 c5 11. d4 c4 12. Nbd2 Bb7 13. Bb1 Qc7 14. Bc2 Rae8
15. d5 Nd7 16. Nf1 Nc5 17. Rb1 Bc8 18. Ng3 Bd7 19. h3 Bd8 20. Nh2 Bh4 21.
Nf5 Bxf5 22. exf5 e4 23. Qg4 Bf6 24. Nf1 Nab3 25. Bxb3 cxb3 26. Ng3 Kh8 27.
Nh5 Re5 28. Be3 Rxd5 29. Nxf6 gxf6 30. Bd4 Qe7 31. Rbd1 Rg8 32. Qf4 Re5 33.
Bxe5 fxe5 34. Qh6 f6 35. Qd2 Rd8 36. Qd5 Qd7 37. Re3 Qxf5 38. Qf7 Qe6 39.
Qxe6 Nxe6 40. Rxe4 d5 41. Re3 Kg7 42. g3 Nc5 43. Re2 Kf7 44. f3 Ke6 45. Kf2
f5 46. Red2 h5 47. Ke3 Na4 48. f4 Nb6 49. fxe5 Nc4+ 50. Kf4 Nxd2 51. Rxd2
Rc8 52. Kg5 Rg8+ 53. Kf4 a5 54. Re2 Rg6 55. Rd2 Rg7 56. Re2 Rg8 57. Rd2 a4
58. Re2 Rg7 59. Rd2 Rg8 60. Re2 Rc8 61. Kg5 b4 62. cxb4 Rc2 63. Re1 Rxb2
64. Kxh5 Rc2 65. Kg5 d4 66. b5 d3 67. b6 Rc6 68. Kf4 d2 0-1

[Event "57th ch-RUS Qualifier"]
[Site "Tomsk RUS"]
[Date "2004.05.26"]
[Round "4"]
[White "Rustemov,A"]
[Black "Vorobiov,E"]
[Result "1-0"]
[WhiteElo "2593"]
[BlackElo "2552"]
[EventDate "2004.05.23"]

1. d4 Nf6 2. c4 g6 3. Nc3 d5 4. Nf3 Bg7 5. e3 O-O 6. b4 b6 7. Ba3 c5 8.
bxc5 bxc5 9. Rc1 cxd4 10. Nxd4 Ba6 11. Qa4 Bxc4 12. Bxc4 dxc4 13. Qxc4 Qd7
14. O-O Rc8 15. Qb5 e6 16. Rfd1 a6 17. Qa4 Qb7 18. Qb3 Qxb3 19. Nxb3 Nbd7
20. Na4 Nd5 21. Kf1 Bf8 22. Bxf8 Kxf8 23. e4 N5f6 24. f3 Rab8 25. Ke2 Rxc1
26. Rxc1 Rb4 27. Nb2 Ne8 28. Rc6 Rb6 29. Rxb6 Nxb6 30. Nc5 Nc7 31. Kd3 Ke7
32. Nc4 Nxc4 33. Kxc4 e5 34. Nb7 f5 35. a4 fxe4 36. fxe4 Kd7 37. Kc5 h5 38.
Kb6 h4 39. h3 g5 40. Nc5+ Kd6 41. Nxa6 1-0

[Event "57th ch-RUS Qualifier"]
[Site "Tomsk RUS"]
[Date "2004.05.26"]
[Round "4"]
[White "Filippov,Va"]
[Black "Bocharov,D"]
[Result "1-0"]
[WhiteElo "2639"]
[BlackElo "2567"]
[EventDate "2004.05.23"]

1. d4 d5 2. Nf3 Nf6 3. c4 c6 4. Nc3 e6 5. Bg5 dxc4 6. e4 b5 7. e5 h6 8. Bh4
g5 9. Nxg5 hxg5 10. Bxg5 Nbd7 11. exf6 Bb7 12. g3 c5 13. d5 Qc7 14. Bg2 b4
15. d6 Qb6 16. Ne4 O-O-O 17. O-O Ne5 18. Qe2 Bd5 19. Rfd1 Qc6 20. a3 b3 21.
Rxd5 exd5 22. Nc3 Qxd6 23. Nxd5 Bh6 24. Ne7+ Kc7 25. Bxh6 Rxh6 26. Nf5 Qxf6
27. Nxh6 Nd3 28. Qe4 Rd4 29. Qb7+ Kd8 30. Qb8+ Kd7 31. Bh3+ Kc6 32. Nf5 Rd8
33. Bg2+ Kd7 34. Qb5+ Ke6 35. Qxc4+ 1-0

[Event "57th ch-RUS Qualifier"]
[Site "Tomsk RUS"]
[Date "2004.05.26"]
[Round "4"]
[White "Novikov,Ma"]
[Black "Sherbakov,R"]
[Result "1-0"]
[WhiteElo "2426"]
[BlackElo "2564"]
[EventDate "2004.05.23"]

1. e4 c5 2. Nf3 d6 3. c3 Nf6 4. Qc2 Qc7 5. Bc4 Bg4 6. d4 e6 7. Be3 Nbd7 8.
Nbd2 Bxf3 9. gxf3 a6 10. Bd3 g6 11. h4 Bg7 12. f4 Rc8 13. dxc5 Nxc5 14. Be2
O-O 15. h5 Qc6 16. Bf3 Qb5 17. Be2 Qc6 18. Bf3 d5 19. e5 Nfe4 20. Bxe4 dxe4
21. Bxc5 Qxc5 22. Nxe4 Qc4 23. Rh4 Rfd8 24. hxg6 hxg6 25. Nd6 Rxd6 26. exd6
Bf6 27. Rg4 Qd5 28. Rd1 Qh5 29. Rg3 Rd8 30. Qe4 b5 31. Rdd3 Kg7 32. d7 Qc5
33. f5 exf5 34. Qd5 Qb6 35. Rh3 Rf8 36. Qd6 Qb7 37. Kf1 Qe4 38. Qxa6 Ra8
39. Qb6 1-0

[Event "57th ch-RUS Qualifier"]
[Site "Tomsk RUS"]
[Date "2004.05.26"]
[Round "4"]
[White "Khismatullin,D"]
[Black "Kiriakov,P"]
[Result "1-0"]
[WhiteElo "2537"]
[BlackElo "2568"]
[EventDate "2004.05.23"]

1. d4 e6 2. c4 Nf6 3. Nc3 Bb4 4. Qc2 O-O 5. a3 Bxc3+ 6. Qxc3 b6 7. Bg5 Bb7
8. e3 d6 9. Ne2 Nbd7 10. Qd3 a5 11. Nc3 a4 12. f3 Ra5 13. Bh4 Qa8 14. Be2
d5 15. cxd5 Ba6 16. Qd2 exd5 17. Bd1 Bc4 18. Kf2 Re8 19. Re1 b5 20. Kg1 Ra6
21. Bc2 Nf8 22. Na2 Ng6 23. Bg3 Qd8 24. Nb4 Rb6 25. h3 Rbe6 26. Bf5 Rb6 27.
Bh2 Ne7 28. Bc2 Nc8 29. g4 Nd6 30. Bg3 Nb7 31. Nd3 Qc8 32. Rac1 c5 33. Ne5
cxd4 34. exd4 Nd6 35. Bb1 Nd7 36. Nxd7 Qxd7 37. Qg5 h6 38. Qf4 Rc6 39. Kg2
Re6 40. h4 Qe8 41. Rxe6 fxe6 42. h5 Nf7 43. Bg6 Qd7 44. Qe3 Ng5 45. Rc3 Rb6
46. Be1 b4 47. axb4 Rxb4 48. Rc2 Rb3 49. Bc3 Qd6 50. Qc1 Qa6 51. Rf2 Bd3
52. Bd2 Bxg6 53. hxg6 Nxf3 54. Qc7 Nh4+ 55. Kg1 Nxg6 56. Qf7+ Kh7 57. Rh2
Rg3+ 58. Kf2 Rg2+ 59. Kxg2 Qe2+ 60. Kg3 Qd3+ 61. Qf3 Kg8 1-0

[Event "57th ch-RUS Qualifier"]
[Site "Tomsk RUS"]
[Date "2004.05.26"]
[Round "4"]
[White "Gajsin,E"]
[Black "Kobalia,M"]
[Result "1-0"]
[WhiteElo "2404"]
[BlackElo "2630"]
[EventDate "2004.05.23"]

1. e4 c5 2. Nf3 d6 3. d4 cxd4 4. Nxd4 Nf6 5. Nc3 a6 6. Be3 e5 7. Nb3 Be6 8.
f3 Be7 9. Qd2 O-O 10. O-O-O Qc7 11. g4 Rc8 12. Qf2 Qd8 13. Nd5 Nxd5 14.
exd5 Bh4 15. Qd2 Bd7 16. Rg1 a5 17. Kb1 Be7 18. h4 a4 19. Nc1 a3 20. b3 Na6
21. Nd3 Qc7 22. h5 Qc3 23. Qxc3 Rxc3 24. Bd2 Rcc8 25. Nf2 Kh8 26. f4 exf4
27. Bxf4 Nc5 28. Rh1 Re8 29. Bg2 Bb5 30. h6 g6 31. Kc1 Bf6 32. Bxd6 Nxb3+
33. Kb1 Na5 34. Ne4 Bb2 35. Bc5 Nc4 36. c3 Rxe4 37. Bxe4 Bxc3 38. Bd3 Rc8
39. Bxc4 Rxc5 40. Bxb5 Rxb5+ 41. Kc2 Ba5 42. Rhe1 Rc5+ 43. Kb3 Rc8 44. d6
b5 45. Re3 Kg8 46. d7 Rf8 47. Re8 f5 48. gxf5 1-0

[Event "57th ch-RUS Qualifier"]
[Site "Tomsk RUS"]
[Date "2004.05.26"]
[Round "4"]
[White "Yagupov,I"]
[Black "Yudin,S"]
[Result "1/2-1/2"]
[WhiteElo "2441"]
[BlackElo "2425"]
[EventDate "2004.05.23"]

1. e4 c5 2. Nf3 e6 3. d4 cxd4 4. Nxd4 Nf6 5. Nc3 Nc6 6. Ndb5 d6 7. Bf4 e5
8. Bg5 a6 9. Na3 b5 10. Bxf6 gxf6 11. Nd5 f5 12. Bd3 Be6 13. O-O Bxd5 14.
exd5 Ne7 15. Re1 Bg7 16. c3 O-O 17. Qh5 e4 18. Bf1 Qc8 19. Rad1 Ng6 20. g3
Re8 21. Bh3 Re5 22. Nc2 Ne7 23. Ne3 Qd7 24. Kh1 Re8 25. Rf1 h6 26. f4 exf3
27. Qxf3 Rxe3 28. Qxe3 Nxd5 29. Qf3 Ne3 30. Bxf5 Qd8 31. Be4 Nxd1 32. Rxd1
Qe7 33. Bd5 Rf8 34. Rf1 a5 35. a3 Kh8 36. Bxf7 Qe5 37. Rf2 d5 38. Kg2 d4
39. cxd4 Qxd4 40. Qf5 Qe5 41. Qg6 Qg5 42. Qxg5 hxg5 43. Kh3 Bh6 44. Kg4 Kg7
45. Kh5 g4 46. b3 a4 47. bxa4 bxa4 48. Rf1 Be3 49. Bc4 Rxf1 50. Bxf1 Bc5
51. Kxg4 Bxa3 52. Bb5 Bc5 53. Bxa4 Bg1 54. Kh3 Bc5 55. Kg2 Kh6 56. h4 Bd6
57. g4 Be7 58. Kg3 1/2-1/2

[Event "57th ch-RUS Qualifier"]
[Site "Tomsk RUS"]
[Date "2004.05.26"]
[Round "4"]
[White "Maletin,P"]
[Black "Nazarov,N"]
[Result "1-0"]
[WhiteElo "2423"]
[BlackElo "2256"]
[EventDate "2004.05.23"]

1. Nf3 Nf6 2. g3 g6 3. Bg2 Bg7 4. d4 O-O 5. c4 d6 6. O-O c6 7. Nc3 Nbd7 8.
e4 e5 9. h3 Re8 10. Be3 Qc7 11. Qc2 a5 12. Rfd1 exd4 13. Nxd4 Nc5 14. Nb3
Nxb3 15. axb3 Nd7 16. Na4 b6 17. Rd2 Rb8 18. Rad1 Bf8 19. Nc3 Ba6 20. f4
Rbd8 21. Bf2 f6 22. Na2 Bb7 23. b4 axb4 24. Nxb4 d5 25. cxd5 Bxb4 26. Qc4
Kg7 27. Qxb4 c5 28. Qb5 Qd6 29. b4 cxb4 30. Rb2 Ra8 31. Qxb4 Qxb4 32. Rxb4
Ra2 33. Bxb6 Rc8 34. Bd4 Ba6 35. Rb2 1-0

[Event "57th ch-RUS Qualifier"]
[Site "Tomsk RUS"]
[Date "2004.05.27"]
[Round "5"]
[White "Kosyrev,V"]
[Black "Novikov,Ma"]
[Result "1/2-1/2"]
[WhiteElo "2529"]
[BlackElo "2426"]
[EventDate "2004.05.23"]

1. d4 d5 2. c4 e6 3. Nf3 Nf6 4. e3 c6 5. Nbd2 Nbd7 6. b3 Bd6 7. Bb2 O-O 8.
Bd3 b6 9. O-O Bb7 10. Qe2 Qe7 11. e4 dxe4 12. Nxe4 Nxe4 13. Qxe4 f5 14. Qe2
Rae8 15. Ne5 Nxe5 16. dxe5 Bc5 17. Rfd1 1/2-1/2

[Event "57th ch-RUS Qualifier"]
[Site "Tomsk RUS"]
[Date "2004.05.27"]
[Round "5"]
[White "Smirnov,P"]
[Black "Sorokin,M"]
[Result "1/2-1/2"]
[WhiteElo "2601"]
[BlackElo "2583"]
[EventDate "2004.05.23"]

1. e4 e5 2. Nf3 Nc6 3. Bb5 a6 4. Ba4 Nf6 5. O-O Be7 6. Re1 b5 7. Bb3 d6 8.
c3 O-O 9. d4 Bg4 10. Be3 exd4 11. cxd4 d5 12. e5 Ne4 13. h3 Bh5 14. Nc3
Nxc3 15. bxc3 Na5 16. Bc2 Nc4 17. g4 Bg6 18. Bf5 a5 19. Bf4 b4 20. h4 Bxf5
21. gxf5 f6 22. e6 Bd6 23. Bxd6 Qxd6 24. Nd2 bxc3 25. Nxc4 dxc4 26. Rc1 Qf4
27. Rxc3 Qxf5 28. Rxc4 Rab8 29. Qe2 Rb2 30. Qe3 Qg4+ 31. Kf1 Qxh4 32. Qf3
h5 33. Rxc7 Qxd4 34. e7 Re8 35. Qf5 Qh4 36. Qd5+ Kh7 37. Qf3 Qg4 38. Qd3+
Qg6 39. Qd5 Rb4 40. Rc5 h4 41. Rc4 h3 42. Rxb4 Qg2+ 43. Qxg2 hxg2+ 44. Kxg2
axb4 45. Kf3 Kg6 46. Re4 f5 47. Rxb4 Rxe7 48. a4 Re1 49. Rb6+ 1/2-1/2

[Event "57th ch-RUS Qualifier"]
[Site "Tomsk RUS"]
[Date "2004.05.27"]
[Round "5"]
[White "Khairullin,I"]
[Black "Iskusnyh,S"]
[Result "1-0"]
[WhiteElo "2481"]
[BlackElo "2507"]
[EventDate "2004.05.23"]

1. e4 c5 2. Nf3 Nc6 3. c3 e6 4. Bb5 Nge7 5. O-O a6 6. Ba4 b5 7. Bc2 Bb7 8.
Qe2 Ng6 9. d4 cxd4 10. cxd4 Nh4 11. Nbd2 Be7 12. d5 Nb4 13. Bb3 Ng6 14. g3
exd5 15. a3 Nc6 16. exd5 Na5 17. Ba2 O-O 18. b4 Bf6 19. Rb1 Re8 20. Qd3 Nc4
21. Nxc4 bxc4 22. Bxc4 d6 23. Bb2 Bxb2 24. Rxb2 Qf6 25. Rb3 Bc8 26. Qd4 Qf5
27. Re3 Rxe3 28. Qxe3 Bd7 29. Nd4 Qf6 30. Nc6 Re8 31. Qd4 Qf3 32. Qd3 Qh5
33. Qd1 Qg5 34. Re1 Ra8 35. Qd3 h6 36. a4 Kh8 37. a5 Kg8 38. Qe3 Qg4 39.
Qd4 Qg5 40. h4 Qf5 41. Bd3 Qf3 42. Bxg6 fxg6 43. Re7 Bc8 1-0

[Event "57th ch-RUS Qualifier"]
[Site "Tomsk RUS"]
[Date "2004.05.27"]
[Round "5"]
[White "Kiriakov,P"]
[Black "Galkin,A"]
[Result "1/2-1/2"]
[WhiteElo "2568"]
[BlackElo "2602"]
[EventDate "2004.05.23"]

1. d4 d5 2. c4 e6 3. Nf3 c6 4. e3 Bd6 5. Bd3 f5 6. O-O Nf6 7. b3 Qe7 8. a4
a5 9. Ba3 Bxa3 10. Nxa3 O-O 11. Qc2 Ne4 12. Qb2 Na6 13. Ne5 Nf6 14. Rac1
Nd7 15. Nf3 Nb4 16. Be2 b6 17. Nc2 Nxc2 18. Rxc2 1/2-1/2

[Event "57th ch-RUS Qualifier"]
[Site "Tomsk RUS"]
[Date "2004.05.27"]
[Round "5"]
[White "Nazarov,N"]
[Black "Frolov,D"]
[Result "1/2-1/2"]
[WhiteElo "2256"]
[BlackElo "2401"]
[EventDate "2004.05.23"]

1. e4 e5 2. Nf3 Nc6 3. Bb5 Nf6 4. O-O d6 5. Re1 Bd7 6. c3 Be7 7. d4 O-O 8.
Na3 Re8 9. Bd3 h6 10. Nc2 Bf8 11. d5 Ne7 12. Ne3 g6 13. c4 c5 14. dxc6 Nxc6
15. b3 Be6 16. Bb2 Nd7 17. Qe2 Nc5 18. Rad1 Nxd3 19. Rxd3 Qb6 20. Nd5 Bxd5
21. Rxd5 Ne7 22. Rd2 Qc6 23. Red1 Nc8 24. Nh4 a6 25. Rd3 b5 26. Rc1 bxc4
27. Rxc4 Qd7 28. Nf3 Bg7 29. Ba3 Bf8 30. Bb2 Bg7 31. Qe3 Ra7 32. h3 Rc7 33.
Qc1 Rxc4 34. Qxc4 Qb7 35. Rc3 Ne7 36. Nd2 Rc8 37. Qd3 Rxc3 38. Bxc3 d5 39.
Bb2 Kh7 40. Ba3 dxe4 41. Nxe4 Qd5 42. Qxa6 Nf5 43. Qc4 Qa8 44. Qa4 Qd5 45.
Bc5 Nd4 46. Bxd4 exd4 47. Nd2 Qe5 48. Nf3 Qe2 49. Qc4 d3 50. Qxf7 d2 51.
Nxd2 Qxd2 52. a4 Qe1+ 53. Kh2 h5 54. h4 Qb4 55. g3 Qe1 56. Kg2 Qd2 57. Qb7
Kh6 58. Qf7 Kh7 59. Qf3 Bd4 60. Qf7+ Bg7 1/2-1/2

[Event "57th ch-RUS Qualifier"]
[Site "Tomsk RUS"]
[Date "2004.05.27"]
[Round "5"]
[White "Yudin,S"]
[Black "Loskutov,O"]
[Result "1-0"]
[WhiteElo "2425"]
[BlackElo "2433"]
[EventDate "2004.05.23"]

1. e4 c5 2. c3 d5 3. exd5 Qxd5 4. d4 Nc6 5. Nf3 Bg4 6. Be2 cxd4 7. cxd4 e6
8. h3 Bh5 9. Nc3 Qa5 10. d5 O-O-O 11. O-O Nf6 12. Ng5 Bg6 13. Bd3 Bxd3 14.
Qxd3 Qc7 15. Nb5 Qd7 16. Qc2 Nxd5 17. Nxa7+ Kb8 18. Nxc6+ bxc6 19. Bd2 h6
20. Qb3+ Ka7 21. Be3+ Nxe3 22. Qxe3+ Ka8 23. Nf3 Bd6 24. Rac1 Rc8 25. Rfd1
Qc7 26. Rd4 c5 27. Qa3+ Kb7 28. Qb3+ Kc6 29. Ne5+ Bxe5 30. Rxc5+ Kxc5 31.
Qc3+ Kb6 32. Rb4+ Ka6 33. Qd3+ 1-0

[Event "57th ch-RUS Qualifier"]
[Site "Tomsk RUS"]
[Date "2004.05.27"]
[Round "5"]
[White "Inarkiev,E"]
[Black "Khismatullin,D"]
[Result "1-0"]
[WhiteElo "2595"]
[BlackElo "2537"]
[EventDate "2004.05.23"]

1. e4 c5 2. Nf3 d6 3. d4 cxd4 4. Nxd4 Nf6 5. Nc3 a6 6. Be3 e5 7. Nb3 Be6 8.
f3 Nbd7 9. g4 Nb6 10. g5 Nh5 11. Qd2 Be7 12. O-O-O O-O 13. Kb1 Rc8 14. Rg1
g6 15. h4 Qc7 16. Qf2 Bd8 17. f4 exf4 18. Bxf4 Nxf4 19. Qxf4 Na4 20. Rg3
Nc5 21. Nd4 d5 22. e5 Qe7 23. Bg2 Bc7 24. Re3 Rcd8 25. h5 Ba5 26. Rh1 Bxc3
27. Rxc3 Ne4 28. Re3 Nd2+ 29. Ka1 Nc4 30. Re2 Bc8 31. Qh4 Na5 32. e6 Nc6
33. exf7+ Qxf7 34. hxg6 Qxg6 35. Ne6 Bxe6 36. Rxe6 Qf5 37. Rh6 Qxc2 38.
Rxh7 Rf2 39. Rh8+ Kf7 40. g6+ Ke6 41. Bh3+ Ke5 42. Re1+ Re2 43. Qg5+ Kd4
44. Qg1+ Ke5 45. Rxe2+ 1-0

[Event "57th ch-RUS Qualifier"]
[Site "Tomsk RUS"]
[Date "2004.05.27"]
[Round "5"]
[White "Filippov,Va"]
[Black "Timofeev,Ar"]
[Result "1/2-1/2"]
[WhiteElo "2639"]
[BlackElo "2591"]
[EventDate "2004.05.23"]

1. c4 Nf6 2. Nc3 d5 3. cxd5 Nxd5 4. g3 c5 5. Bg2 Nc7 6. Qb3 Nc6 7. Bxc6+
bxc6 8. Nf3 f6 9. Qa4 Qd7 10. d3 e5 11. Be3 Ne6 12. O-O Rb8 13. b3 Nd4 14.
Rfc1 Rb4 15. Qa5 Rb6 16. Bxd4 cxd4 17. Ne4 Ra6 18. Qd2 Qd5 19. b4 Rb6 20.
a3 Be7 21. Rc4 Bh3 22. Nc5 O-O 23. Nb3 e4 24. Ne1 f5 25. Qa2 f4 26. Nxd4
exd3 27. Nxc6 Bf6 28. Rc5 Qxa2 29. Rxa2 fxg3 30. hxg3 Rc8 31. b5 dxe2 32.
Rxe2 a6 33. a4 axb5 34. axb5 Bd7 35. Nd3 Bxc6 36. Rec2 Be7 37. Rxc6 Rbxc6
38. bxc6 Kf7 39. f4 Ke6 40. Re2+ Kd6 41. f5 Bf8 42. Ne5 Kd5 43. Kg2 Bb4 44.
Kf3 Bc3 45. Kf4 Re8 46. c7 Ba5 47. Rc2 Rc8 48. Ng4 Bxc7+ 49. Kf3 Kd6 50.
Ne3 Rf8 51. g4 g6 52. Rd2+ Kc6 53. Nd5 gxf5 54. Ne7+ Kc5 55. Rc2+ Kd6 56.
Nxf5+ Kd7 57. Rd2+ Ke6 58. Rc2 1/2-1/2

[Event "57th ch-RUS Qualifier"]
[Site "Tomsk RUS"]
[Date "2004.05.28"]
[Round "6"]
[White "Rustemov,A"]
[Black "Timofeev,Ar"]
[Result "1/2-1/2"]
[WhiteElo "2593"]
[BlackElo "2591"]
[EventDate "2004.05.23"]

1. d4 Nf6 2. c4 g6 3. Nc3 d5 4. Nf3 Bg7 5. e3 O-O 6. b4 Be6 7. c5 Ne4 8.
Bb2 Nd7 9. Be2 c6 10. O-O a5 11. a3 b5 12. Nd2 f5 13. f3 Nxc3 14. Bxc3 a4
15. Bd3 Bf7 16. f4 e6 17. Nf3 h6 18. Ra2 g5 19. Ne5 Nxe5 20. dxe5 g4 21. h3
h5 22. g3 Bg6 23. Rh2 Kf7 24. Kf2 Qe7 25. Rfh1 Rh8 26. Bd4 Qd7 27. Ke2 Rag8
28. Kd2 Ke7 29. Kc3 Kd8 30. Bc2 Kc7 31. Kb2 Kb7 32. Bc3 Qf7 33. Be1 Rd8 34.
Bd3 Qd7 35. Bc3 Rc8 36. Qe2 Rb8 37. Bd4 Kc7 38. Kc3 Kb7 39. Qf1 Kc7 40. Kd2
Kb7 41. Ke1 Kc7 42. Kf2 Rbg8 43. Kg1 Qe8 44. Qg2 Qd7 45. h4 1/2-1/2

[Event "57th ch-RUS Qualifier"]
[Site "Tomsk RUS"]
[Date "2004.05.28"]
[Round "6"]
[White "Yudin,S"]
[Black "Kiriakov,P"]
[Result "1/2-1/2"]
[WhiteElo "2425"]
[BlackElo "2568"]
[EventDate "2004.05.23"]

1. e4 e6 2. d4 d5 3. e5 c5 4. c3 Ne7 5. Nf3 Nec6 6. Bd3 b6 7. O-O Ba6 8.
Bxa6 Nxa6 9. a3 Nc7 10. Re1 Qd7 11. Nbd2 a5 12. dxc5 bxc5 13. c4 Be7 14.
Nf1 a4 15. Bg5 dxc4 16. Qxd7+ Kxd7 17. Rac1 Nd4 18. Bxe7 Nxf3+ 19. gxf3
Kxe7 20. Rxc4 Ra5 21. Rec1 Rb8 22. R1c2 Nd5 23. Ng3 Rb3 24. Ne4 Rxf3 25.
Nxc5 Rf4 26. Kg2 Rxc4 27. Rxc4 Nb6 1/2-1/2

[Event "57th ch-RUS Qualifier"]
[Site "Tomsk RUS"]
[Date "2004.05.28"]
[Round "6"]
[White "Sherbakov,R"]
[Black "Vorobiov,E"]
[Result "1/2-1/2"]
[WhiteElo "2564"]
[BlackElo "2552"]
[EventDate "2004.05.23"]

1. e4 c5 2. Nf3 d6 3. Bb5+ Nd7 4. d4 Ngf6 5. Nc3 cxd4 6. Qxd4 e5 7. Qd3 h6
8. Nd2 Be7 9. Nc4 O-O 10. Be3 Qc7 11. Ba4 Rd8 12. O-O Nc5 13. Bxc5 dxc5 14.
Nd5 Nxd5 15. exd5 a6 16. Rad1 b5 17. d6 Bxd6 18. Nxd6 Be6 19. Qe4 bxa4 20.
Qxe5 1/2-1/2

[Event "57th ch-RUS Qualifier"]
[Site "Tomsk RUS"]
[Date "2004.05.28"]
[Round "6"]
[White "Yagupov,I"]
[Black "Galkin,A"]
[Result "0-1"]
[WhiteElo "2441"]
[BlackElo "2602"]
[EventDate "2004.05.23"]

1. e4 c6 2. d4 d5 3. e5 Bf5 4. Be3 e6 5. Nd2 Nd7 6. f4 Qb6 7. Nb3 a5 8. a4
Bb4+ 9. c3 Be7 10. Nf3 h5 11. Be2 Nh6 12. h3 Be4 13. O-O Nf5 14. Bf2 Bxf3
15. Bxf3 Bh4 16. Bxh4 Nxh4 17. Be2 Nf5 18. Rf3 h4 19. Bd3 Rh5 20. Qc2 g6
21. Kh2 Kf8 22. Rd1 Kg7 23. c4 dxc4 24. Bxc4 Qb4 25. Nc5 Nxc5 26. dxc5 Qxc5
27. Qc3 Re8 28. Be2 Qxc3 29. bxc3 Re7 30. Rfd3 Rh8 31. Bf3 Rb8 32. Kg1 Rc7
33. Rd8 Rxd8 34. Rxd8 Ne3 35. Ra8 Nd5 36. Rxa5 Nxf4 37. Ra7 Nd3 38. a5 Nc5
39. Kf2 Rd7 40. Ke2 g5 41. a6 bxa6 42. Ra8 Rc7 43. Ke3 Rd7 44. Rc8 Rd3+ 45.
Ke2 Rxc3 46. Rxc6 a5 47. Bh5 Ne4 0-1

[Event "57th ch-RUS Qualifier"]
[Site "Tomsk RUS"]
[Date "2004.05.28"]
[Round "6"]
[White "Maletin,P"]
[Black "Dvoirys,S"]
[Result "1/2-1/2"]
[WhiteElo "2423"]
[BlackElo "2612"]
[EventDate "2004.05.23"]

1. Nf3 c5 2. g3 Nc6 3. Bg2 g6 4. c4 Bg7 5. Nc3 d6 6. O-O Bd7 7. a3 Qc8 8.
Rb1 h5 9. Nd5 Nf6 10. b4 Nxd5 11. cxd5 Ne5 12. Nxe5 Bxe5 13. bxc5 dxc5 14.
Qb3 b5 15. Bb2 c4 16. Qe3 Bxb2 17. Rxb2 O-O 18. Rc1 Qc7 19. d6 Qxd6 20.
Bxa8 Rxa8 21. Rbb1 a6 22. Rc3 Bf5 23. Rbc1 Rd8 24. d3 cxd3 25. exd3 e5 26.
Rc5 Qxd3 27. Rxe5 Qxe3 28. Rxe3 Rd4 29. h4 Be6 30. Rec3 a5 31. Rb1 1/2-1/2

[Event "57th ch-RUS Qualifier"]
[Site "Tomsk RUS"]
[Date "2004.05.28"]
[Round "6"]
[White "Iskusnyh,S"]
[Black "Yandemirov,V"]
[Result "1/2-1/2"]
[WhiteElo "2507"]
[BlackElo "2494"]
[EventDate "2004.05.23"]

1. d4 Nf6 2. c4 g6 3. g3 c6 4. Nf3 Bg7 5. Bg2 O-O 6. Nc3 d5 7. cxd5 cxd5 8.
Ne5 e6 9. O-O Nfd7 10. f4 f6 11. Nf3 f5 12. b3 Nc6 13. a4 Nf6 14. Ba3 Re8
15. e3 Bd7 16. Rc1 Bf8 17. Bxf8 Rxf8 18. Ne5 Qe7 19. Qd2 Rfc8 20. Nd3 Nb4
21. Ne5 a5 22. Bf3 Rc7 23. Ne2 Rac8 24. Rxc7 Rxc7 25. Rc1 Qd8 26. Rc3 Qc8
27. g4 fxg4 28. Nxg4 Nxg4 29. Bxg4 Kf7 30. Rxc7 Qxc7 31. Nc3 Qd8 32. Bf3
Qf6 33. Na2 Nxa2 34. Qxa2 g5 35. Bh5+ Ke7 36. Qa3+ Kd8 37. Qc5 gxf4 38.
Qxa5+ Ke7 39. Qc5+ Kd8 40. Qa5+ Ke7 41. Qc5+ Kd8 1/2-1/2

[Event "57th ch-RUS Qualifier"]
[Site "Tomsk RUS"]
[Date "2004.05.28"]
[Round "6"]
[White "Sorokin,M"]
[Black "Ulibin,M"]
[Result "1-0"]
[WhiteElo "2583"]
[BlackElo "2579"]
[EventDate "2004.05.23"]

1. d4 e6 2. c4 f5 3. Nc3 Nf6 4. Qc2 b6 5. Bg5 Bb7 6. f3 Be7 7. Nh3 O-O 8.
e3 c5 9. Rd1 cxd4 10. exd4 Nh5 11. Bxe7 Qxe7 12. Be2 Qh4+ 13. g3 Qe7 14.
Nf2 f4 15. g4 Nf6 16. d5 Na6 17. O-O h5 18. Qg6 hxg4 19. fxg4 Qe8 20. Qxe8
Nxe8 21. Nd3 g5 22. Ne4 d6 23. Nxg5 e5 24. Ne4 Rc8 25. Rc1 Rd8 26. Rc3 Nf6
27. Nxf6+ Rxf6 28. Nf2 Nc5 29. b4 Na4 30. Ra3 b5 31. cxb5 Nb6 32. Rd1 Rf7
33. Bf3 Nc4 34. Rxa7 Ne3 35. Re1 Kf8 36. a4 Bxd5 37. Rxf7+ Kxf7 38. Rxe3
fxe3 39. Bxd5+ Ke7 40. Nd3 Rf8 41. a5 e2 42. a6 Rf1+ 43. Kg2 Rd1 44. Kf2
Rxd3 45. a7 1-0

[Event "57th ch-RUS Qualifier"]
[Site "Tomsk RUS"]
[Date "2004.05.28"]
[Round "6"]
[White "Gajsin,E"]
[Black "Smirnov,P"]
[Result "0-1"]
[WhiteElo "2404"]
[BlackElo "2601"]
[EventDate "2004.05.23"]

1. e4 c5 2. Ne2 Nc6 3. d4 cxd4 4. Nxd4 Nf6 5. Nc3 e5 6. Ndb5 d6 7. a4 a6 8.
Na3 Bg4 9. f3 Be6 10. Bg5 Be7 11. Bxf6 Bxf6 12. Bc4 O-O 13. Nd5 Bg5 14. O-O
Rc8 15. Kh1 Kh8 16. c3 Bh6 17. Ba2 Ne7 18. Nxe7 Qxe7 19. Nc2 Bd7 20. Bd5
Rc7 21. Qd3 g6 22. Bb3 f5 23. Nb4 Rcc8 24. Rad1 fxe4 25. Qxe4 Bf5 26. Nd5
Qf7 27. Qb4 Rc5 28. Ne3 Qc7 29. Nxf5 gxf5 30. Rd3 Bf4 31. Bd5 b6 32. g3 Bg5
33. Rfd1 a5 34. Qb3 Qe7 35. Re1 Rb8 36. f4 Bf6 37. Bg2 e4 38. Rd2 b5 39.
Red1 Rb6 40. Bf1 b4 41. Rd5 e3 42. Rxc5 dxc5 43. Qc4 bxc3 44. bxc3 Rb2 45.
Re1 Qb7+ 46. Kg1 Qf3 47. Re2 Rb1 48. Ra2 Re1 49. Rb2 Kg7 0-1

[Event "57th ch-RUS Qualifier"]
[Site "Tomsk RUS"]
[Date "2004.05.28"]
[Round "6"]
[White "Loskutov,O"]
[Black "Nazarov,N"]
[Result "1-0"]
[WhiteElo "2433"]
[BlackElo "2256"]
[EventDate "2004.05.23"]

1. e4 c5 2. Nf3 d6 3. d4 cxd4 4. Nxd4 Nf6 5. Nc3 g6 6. Be2 Bg7 7. O-O O-O
8. Nb3 Nc6 9. Re1 Be6 10. Bf1 Rc8 11. Nd5 a5 12. a4 Nd7 13. c3 Kh8 14. Nf4
Bxb3 15. Qxb3 Nc5 16. Qc2 e6 17. Be3 Qc7 18. Red1 Rfd8 19. Rab1 b6 20. b4
Nd7 21. Qd2 Bf8 22. Ba6 Rb8 23. f3 Kg8 24. Ne2 Nf6 25. Bg5 Be7 26. Qf4 Kg7
27. Qh4 Ng8 28. Bxe7 Qxe7 29. Qf2 Nf6 30. Bb5 Na7 31. bxa5 bxa5 32. c4 Qc7
33. Rbc1 Qc5 34. Qxc5 dxc5 35. e5 Ng8 36. Nc3 f5 37. Bd7 Ne7 38. Nb5 Nac6
39. Nc7 Rxd7 40. Rxd7 Kf7 41. Na6 Rb6 42. Nxc5 Nxe5 43. Rb7 Rc6 44. Nd7
Nxd7 45. Rxd7 Kf6 46. Ra7 Rc5 47. Rb7 Nc6 48. Rb5 Re5 49. Rxe5 Kxe5 50. Rd1
Nd4 51. c5 Nc6 52. Rd6 Nb4 53. f4+ 1-0

[Event "57th ch-RUS Qualifier"]
[Site "Tomsk RUS"]
[Date "2004.05.28"]
[Round "6"]
[White "Khismatullin,D"]
[Black "Bocharov,D"]
[Result "1/2-1/2"]
[WhiteElo "2537"]
[BlackElo "2567"]
[EventDate "2004.05.23"]

1. c4 c5 2. Nf3 Nc6 3. Nc3 e5 4. e3 Nf6 5. d4 cxd4 6. exd4 e4 7. Nd2 Bb4 8.
a3 Bxc3 9. bxc3 O-O 10. Be2 Re8 11. O-O d5 12. Re1 Bf5 13. Bb2 e3 14. fxe3
Rxe3 15. Rc1 Qd7 16. Nf1 Re7 17. cxd5 Nxd5 18. c4 Nf4 19. d5 Rae8 20. Ng3
Bd3 21. Qd2 Nxe2+ 22. Nxe2 Bxe2 23. Bxg7 1/2-1/2